[Event "IMA"]
[Site "Dimitrov RUS"]
[Date "2007.07.25"]
[Round "6"]
[White "Puchkov,A"]
[Black "Yaksin,O"]
[Result "1-0"]
[WhiteElo "2252"]
[BlackElo "2231"]

1.Nf3 d5 2.g3 c6 3.Bg2 Bg4 4.d4 Nd7 5.O-O Ngf6 6.h3 Bf5 7.Bf4 e6 8.Nbd2 h6
9.g4 Bh7 10.c4 Ne4 11.Rc1 Be7 12.Qb3 Qb6 13.Qxb6 axb6 14.a3 Bd6 15.Bxd6 Nxd6
16.Rfd1 f6 17.Bf1 Kf7 18.e3 g5 19.Be2 h5 20.Kg2 Bg6 21.Rh1 Ke7 22.Ne1 Rh7
23.Nd3 Rah8 24.b3 Ra8 25.a4 dxc4 26.Nxc4 Nxc4 27.Rxc4 Rah8 28.Rcc1 Be4+ 29.f3 Bd5
30.b4 hxg4 31.hxg4 Rxh1 32.Rxh1 Rxh1 33.Kxh1 e5 34.Kg2 exd4 35.exd4 Kd6 36.Kf2 c5
37.Ke3 Bc6 38.dxc5+ bxc5 39.b5 Bd5 40.a5 Ne5 41.Nb2 Kc7 42.f4 gxf4+ 43.Kxf4 c4
44.Na4 Be6 45.Nc5 Bc8 46.Ne4 Ng6+ 47.Ke3 b6 48.a6 Kb8 49.Nxf6 Ne5 50.Kd4 Nf7
51.Bxc4 Ng5 52.Be2 Nf7 53.Ne4 Bd7 54.Kd5 Ka7 55.Nf6 Bc8 56.Bd3 Ng5 57.Bf5 Bxa6
58.bxa6 Kxa6 59.Nh7 Nh3 60.Be4 Kb5 61.Kd4 Nf2 62.g5 Nh3 63.g6 Nf4 64.Ng5 Nxg6
65.Bxg6 Kb4 66.Ne4 Kb3 67.Nd2+ Kb2 68.Nc4+ Kb3 69.Nxb6  1-0

[Event "IMA"]
[Site "Dimitrov RUS"]
[Date "2007.07.25"]
[Round "6"]
[White "Bezgodova,S"]
[Black "Paveliev,A"]
[Result "1/2-1/2"]
[WhiteElo "2266"]
[BlackElo "2405"]

1.Nf3 d5 2.g3 c6 3.Bg2 Bg4 4.c4 dxc4 5.Na3 Nd7 6.Nxc4 Ngf6 7.O-O e6 8.d3 Be7
9.Bd2 O-O 10.Rc1 Nd5 11.a3 Bf6 12.Qc2 Rc8 13.Rfd1 Qc7 14.e4 N5b6 15.Bf4 e5
16.Be3 Rfd8 17.h3 Be6 18.Ncd2 Nf8 19.b4 Nbd7 20.Nb3 b6 21.d4 Qb8 22.dxe5 Nxe5
23.Nxe5 Bxe5 24.f4 Bf6 25.e5 Be7 26.Nd4 Bd5 27.Nf5 Ng6 28.h4 Bxg2 29.Qxg2 Rxd1+
30.Rxd1 Qb7 31.Qh3 h5 32.g4 Rd8 33.Rxd8+ Bxd8 34.gxh5 Ne7 35.Nd6 Qa6 36.Qd7 Qe2
37.Qxd8+ Kh7 38.Qxe7 Qxe3+ 39.Kg2 Qe2+ 40.Kg3 Qe3+ 41.Kg4 Qe2+ 42.Kf5 Qd3+
43.Kg4 Qe2+ 44.Kg5 Qg2+ 45.Kf5 Qh3+ 46.Ke4 Qg2+ 47.Ke3 Qg1+ 48.Ke2 Qg2+ 49.Ke1 Qg1+
50.Ke2 Qg2+ 51.Kd3 Qf1+ 52.Ke3 Qe1+ 53.Kf3 Qf1+ 54.Ke4 Qe2+ 55.Kf5 Qd3+  1/2-1/2

[Event "33rd Open"]
[Site "Sitges ESP"]
[Date "2007.07.25"]
[Round "8"]
[White "Pinol Fulgoni,F"]
[Black "Pakleza,Z"]
[Result "0-1"]
[WhiteElo "2274"]
[BlackElo "2463"]

1.Nf3 d5 2.g3 Nf6 3.Bg2 Bf5 4.O-O e6 5.d3 h6 6.Nbd2 Be7 7.e3 c5 8.Qe2 Nc6
9.e4 Bh7 10.c3 O-O 11.h3 Rc8 12.Nh2 b5 13.Ng4 Nxg4 14.hxg4 dxe4 15.dxe4 c4
16.a4 a6 17.axb5 axb5 18.Nf3 Qd3 19.Re1 Rfd8 20.Qxd3 Rxd3 21.g5 hxg5 22.Nxg5 Ne5
23.Ra5 Bc5 24.Kh1 Rdd8 25.Be3 Nd3 26.Re2 Ra8 27.Rxa8 Rxa8 28.Bh3 Ra1+ 29.Kg2 Bxe3
30.Rxe3 Ra2 31.Kg1 Rxb2 32.Rf3 Bg6 33.Bf1 Rb1 34.Re3 Bh5 35.f3 e5 36.Kg2 f6
37.Ne6 Bxf3+ 38.Kg1 Bg4 39.Nc7 Bh3 40.Rf3 b4  0-1

[Event "IMA"]
[Site "Dimitrov RUS"]
[Date "2007.07.26"]
[Round "8"]
[White "Bezgodova,S"]
[Black "Kavalenia,L"]
[Result "1/2-1/2"]
[WhiteElo "2266"]
[BlackElo "2289"]

1.Nf3 d5 2.g3 c5 3.Bg2 Nc6 4.d4 e6 5.O-O Nf6 6.c4 dxc4 7.Ne5 Bd7 8.Na3 cxd4
9.Naxc4 Rc8 10.e3 b5 11.Nxc6 Bxc6 12.Bxc6+ Rxc6 13.Ne5 Rd6 14.Qb3 Rd5 15.exd4 Bd6
16.Be3 O-O 17.Rac1 Qb8 18.Rc6 a5 19.Nd3 Ne4 20.Qc2 Ng5 21.Qe2 h6 22.Rfc1 b4
23.Qg4 Qb5 24.R6c4 Rf5 25.Bxg5 hxg5 26.Qe4 Qd5 27.Qxd5 Rxd5 28.Re1 Rd8 29.Re4 Be7
30.Ne1 R8d6 31.Nf3 f5 32.Rc8+ Kf7 33.Re2 Kf6 34.h3 g4 35.hxg4 fxg4 36.Ne5 Rxd4
37.Rc7 Rd1+ 38.Kg2 R1d4 39.b3 g6 40.Ra7 R6d5 41.Nc6 Bc5 42.Rxa5 Rd1 43.Re4 Rf5
44.Re2 Rh5 45.Re4 Rf5 46.Rf4 Rc1 47.Nxb4 Rxf4 48.Nd3 Rf3 49.Nxc5 Re1 50.Nd7+ Ke7
51.Ne5 Rf5 52.Ra7+ Kd6 53.Nxg4 Re2 54.a4 Kc5 55.Rc7+ Kb6 56.Rc4 g5 57.Rd4 Rd5
58.Rb4+ Kc6 59.Rb8 Ra2 60.Rc8+ Kd7 61.Rc3 Rd4 62.Ne5+ Ke8 63.Rc8+ Rd8 64.Rc6 Ke7
65.Rb6 Rdd2 66.Rb7+ Kf6 67.Ng4+ Kf5 68.Kh3 Re2 69.Rb5+ e5 70.f3 Ra1 71.Nh6+ Ke6
72.Kg4 e4 73.Rb6+ Kd5 74.fxe4+ Rxe4+ 75.Kxg5 Re6 76.Rb5+ Ke4 77.Nf5 Rd1 78.Rb4+ Kd5
79.g4 Rde1 80.Rd4+ Kc6 81.b4 R6e4 82.Rd6+ Kc7 83.b5 Rxa4 84.b6+ Kb7 85.Rg6  1/2-1/2

[Event "ch-Gdansk"]
[Site "Gdansk POL"]
[Date "2007.07.26"]
[Round "6"]
[White "Lubczynski,R"]
[Black "Brodowski,P"]
[Result "1/2-1/2"]
[WhiteElo "2368"]
[BlackElo "2365"]

1.Nf3 d5 2.g3 Nf6 3.Bg2 Bf5 4.c4 c6 5.b3 e6 6.Bb2 Nbd7 7.O-O h6 8.d4 Bd6
9.Nc3 O-O 10.e3 a5 11.Qe2 Re8  1/2-1/2

[Event "Czech Open GMA"]
[Site "Pardubice CZE"]
[Date "2007.07.26"]
[Round "7"]
[White "Espig,L"]
[Black "Boros,De"]
[Result "0-1"]
[WhiteElo "2320"]
[BlackElo "2460"]

1.Nf3 d5 2.g3 g6 3.Bg2 Bg7 4.d4 Nf6 5.O-O O-O 6.c4 dxc4 7.Na3 c3 8.bxc3 c5
9.e3 Nc6 10.Qe2 Bf5 11.Nc4 Nd5 12.Bb2 Nb6 13.Rad1 Nxc4 14.Qxc4 Qa5 15.Qb3 Qa6
16.Qa3 Bd3 17.Rfe1 Rac8 18.dxc5 Be2 19.Qxa6 Bxa6 20.Rd7 Rfe8 21.Nd4 Ne5 22.c6 Rb8
23.Rxb7 Bxb7 24.cxb7 Nc4 25.Rb1 Nd2 26.Rd1 Nc4 27.Rb1 e5 28.Nb3 e4 29.Nc5 Be5  0-1

[Event "Czech Open GMA"]
[Site "Pardubice CZE"]
[Date "2007.07.26"]
[Round "7"]
[White "Haub,TM"]
[Black "Brokken,D"]
[Result "1/2-1/2"]
[WhiteElo "2466"]
[BlackElo "2248"]

1.Nf3 d5 2.g3 Nf6 3.d3 c6 4.Bg2 Bg4 5.O-O Nbd7 6.Nbd2 e5 7.h3 Bh5 8.e4 dxe4
9.dxe4 Bc5 10.Qe1 O-O 11.Nc4 Re8 12.Nh4 Bg6 13.b4 Bf8 14.Na5 Qc7 15.Nxg6 hxg6
16.Be3 Nb6 17.a4 Nc8 18.Nb3 Nd6 19.Bd2 Nc4 20.Bc3 b5 21.Qe2 Nb6 22.a5 Na4
23.Be1 Nb2 24.Rb1 Nc4 25.Nd2 Nd6 26.c4 bxc4 27.Nxc4 Nb5 28.Ne3 Rab8 29.Rc1 Red8
30.f4 Qd7 31.fxe5 Ne8 32.Qc4 Rbc8 33.Rd1 Qe6 34.Qxe6 fxe6 35.Rc1 c5 36.bxc5 Bxc5
37.Bf2 Nd4 38.Rb1 Ne2+ 39.Kh2 Rd3 40.Ng4 Bxf2 41.Rxf2 Nxg3 42.Rb7 Nh5 43.Rxa7 Rdc3
44.Re7 g5 45.h4 gxh4 46.Bh3 Nc7 47.a6 Nxa6 48.Nh6+ Kh7 49.Bxe6 Rc2 50.Bf5+ Kh8
51.Nf7+ Kg8 52.Rxc2 Rxc2+ 53.Kh3 Rc7 54.Rxc7 Nxc7 55.Kxh4 Kxf7 56.Kxh5 g6+
57.Bxg6+  1/2-1/2

[Event "29th Politiken Cup"]
[Site "Copenhagen DEN"]
[Date "2007.07.27"]
[Round "8"]
[White "Koskinen,V"]
[Black "Traustason,I"]
[Result "1/2-1/2"]
[WhiteElo "1977"]
[BlackElo "1782"]

1.Nf3 d5 2.g3 Nf6 3.Bg2 c5 4.O-O Nc6 5.d3 e5 6.c3 Bf5 7.Nh4 Be6 8.e4 dxe4
9.dxe4 Qxd1 10.Rxd1 Be7 11.Na3 a6 12.Nf5 O-O 13.Bg5 Rfd8 14.Nxe7+ Nxe7 15.b3 b5
16.Nc2  1/2-1/2

[Event "IMA"]
[Site "Dimitrov RUS"]
[Date "2007.07.27"]
[Round "10"]
[White "Puchkov,A"]
[Black "Rysbayeva,A"]
[Result "1/2-1/2"]
[WhiteElo "2252"]
[BlackElo "2170"]

1.Nf3 d5 2.g3 Bg4 3.Bg2 Nd7 4.d3 c6 5.O-O Ngf6 6.Nbd2 e5 7.e4 dxe4 8.dxe4 Be7
9.Qe2 O-O 10.h3 Bh5 11.a4 a5 12.Re1 Re8 13.Qc4 Qc7 14.Nf1 Bf8 15.Bg5 Nb6
16.Qe2 Nfd7 17.g4 Bg6 18.Nh4 Nc5 19.b3 Ne6 20.Be3 Bb4 21.Red1 Bc3 22.Rac1 Bb2
23.Rb1 Bd4 24.Bd2 Bc5 25.c3 Rad8 26.Ne3 Nf4 27.Qf3 Rd7 28.Be1 Red8 29.Rxd7 Rxd7
30.Bf1 Qd8 31.Nxg6 hxg6 32.Nc4 Nxc4 33.Bxc4 Rd6 34.b4 axb4 35.cxb4 Bd4 36.b5 b6
37.Qg3 cxb5 38.Bxb5 Bc5 39.Qf3 Nd3 40.Qe2 Nxe1 41.Qxe1 Rf6 42.Rb2 Qd4 43.Rd2 Bb4
44.Rxd4 Bxe1 45.Rd8+ Kh7 46.Rd3 Bxf2+ 47.Kg2 Bc5 48.Rf3 Rf4 49.Rxf4 exf4
50.Kf3 g5 51.Bc4 Kg8 52.Bd5 Kf8 53.Bc4 Ke7 54.Bd5 f6 55.Bc4 Kd6 56.Bb5 Ke5
57.Be8 Kd4 58.Bd7 Kd3 59.Bb5+ Kd2 60.Bc6 Ke1 61.Bb5 Bd4 62.Bc4  1/2-1/2

[Event "IMA"]
[Site "Dimitrov RUS"]
[Date "2007.07.27"]
[Round "10"]
[White "Bezgodova,S"]
[Black "Kanter,E"]
[Result "1/2-1/2"]
[WhiteElo "2266"]
[BlackElo "2272"]

1.Nf3 d5 2.g3 Nc6 3.d4 Bg4 4.Bg2 e6 5.c4 Nf6 6.O-O dxc4 7.Qa4 Nd7 8.Qxc4 Nb6
9.Qd3 Be7 10.Nc3 O-O 11.Rd1 Nb4  1/2-1/2

[Event "ch-Gdansk"]
[Site "Gdansk POL"]
[Date "2007.07.27"]
[Round "7"]
[White "Poniewierski,P"]
[Black "Dudzinski,Pi"]
[Result "0-1"]
[WhiteElo "2046"]
[BlackElo "2266"]

1.Nf3 d5 2.g3 Nf6 3.Bg2 Bf5 4.c4 e6 5.b3 Nbd7 6.Bb2 Bd6 7.d3 O-O 8.O-O c6
9.Nbd2 e5 10.e4 dxe4 11.Nxe4 Bc7 12.Ba3 Re8 13.Nd6 Bxd6 14.Bxd6 Qb6 15.d4 exd4
16.Qxd4 c5 17.Qf4 Be4 18.Rad1 Qc6 19.Bc7 b6 20.Nh4 Rac8 21.Bd6 h6 22.Bh3 g5
23.Bxd7 Nxd7 24.Qd2 gxh4 25.Qxh6 Re6 26.Qf4 Bg6 27.f3 h3 28.Rd2 Rf6  0-1

[Event "Siberia A"]
[Site "Novosibirsk RUS"]
[Date "2007.07.27"]
[Round "9"]
[White "Voinov,A"]
[Black "Aketaeva,D"]
[Result "1-0"]
[WhiteElo "2428"]
[BlackElo "2248"]

1.Nf3 d5 2.g3 Nf6 3.Bg2 g6 4.O-O Bg7 5.c4 O-O 6.d4 dxc4 7.Na3 c3 8.bxc3 c5
9.Ne5 Nfd7 10.f4 cxd4 11.cxd4 Nxe5 12.fxe5 Nc6 13.Bb2 Rb8 14.e3 Na5 15.Bc3 b6
16.Qd2 Ba6 17.Rfc1 Nb7 18.Nc2 Na5 19.Na3 Nb7 20.Nc2 Na5 21.Nb4 Bb7 22.e4 Nc4
23.Qd3 b5 24.Nd5 e6 25.Nf6+ Bxf6 26.exf6 Qxf6 27.Rab1 Qg5 28.Re1 a6 29.a4 Ba8
30.axb5 axb5 31.d5 e5 32.h4 Qf6 33.Kh2 Qb6 34.Re2 Rfe8 35.Qf3 Rb7 36.Bb4 Rd7
37.Qg4 Ra7 38.Rb3 Rc7 39.Rf3 Qd4 40.Qg5 Bb7 41.h5 Bc8 42.Qf6 gxh5 43.Ref2 Ne3
44.Rxe3 Qxb4 45.Qg5+ Kh8 46.Ref3 Qf8 47.Qxh5 Kg8 48.Bh3 Bxh3 49.Kxh3 Ra8
50.Qxe5 Rd7 51.Rf6 Qg7 52.R2f4 h5 53.Qxh5 Kf8 54.Rg6 Ra1 55.Rxg7 Rh1+ 56.Kg4 Rxh5
57.Rg5 Rxg5+ 58.Kxg5 Ke7 59.Rf6 Rb7 60.e5 b4 61.d6+ Ke8 62.Rf2 b3 63.Rb2 Kd7
64.Kf6 Ke8 65.e6 Rb6 66.d7+ Kd8 67.Kxf7  1-0

[Event "MonRoi International Women GP"]
[Site "Montreal CAN"]
[Date "2007.07.28"]
[Round "7"]
[White "Foisor,C"]
[Black "Houska,Jo"]
[Result "1/2-1/2"]
[WhiteElo "2372"]
[BlackElo "2401"]

1.Nf3 d5 2.g3 c6 3.d3 Nf6 4.Bg2 Bf5 5.Nfd2 e6 6.O-O Nbd7 7.e4 dxe4 8.dxe4 Bg6
9.Nc3 Qc7 10.a4 a5 11.Qe2 e5 12.Nc4 Bc5 13.Be3 O-O 14.Rfd1 Rfd8 15.f3 b6
16.Bf1 Bxe3+ 17.Qxe3 Nc5 18.Rxd8+ Rxd8 19.Nxa5 Ncxe4 20.Nc4 Nxc3 21.Qxc3 e4
22.f4 Nd5 23.Qe5 Qa7 24.Qd4 c5 25.Qd1 Qc7 26.Qe2 Nf6 27.Ne3 Bh5 28.Qe1 h6
29.a5 bxa5 30.Qxa5 Qd6 31.Nf5 Qd2 32.Qxd2 Rxd2 33.Ne3 Ng4 34.Rd1 Rxd1 35.Nxd1 Nxh2
36.Nc3 Nxf1 37.Kxf1 f5 38.Kf2 Kf8 39.Na4 Bd1 40.Nxc5 Bxc2 41.Ne6+ Kf7 42.Nd4 e3+
43.Kxe3 Be4 44.b4 Ke7 45.Nb3 Kd6 46.Nc5 Bd5 47.Kd4 Bc6 48.Nd3 Bb5 49.Ne5 Be2
50.Ng6 Bf1 51.Nh4 Ke6 52.Kc5 g5 53.Nf3 gxf4 54.gxf4 h5 55.b5 Bg2 56.Nh4 Be4
57.b6 Bb7 58.Kd4 Be4 59.Kc4 Bd5+ 60.Kd3 Be4+ 61.Ke3 Kd6 62.Kd4 Ke6 63.Kc5 Bb7
64.Kb5 Kf6  1/2-1/2

[Event "Czech Open GMA"]
[Site "Pardubice CZE"]
[Date "2007.07.28"]
[Round "9"]
[White "Espig,L"]
[Black "Kraemer,Mart"]
[Result "1/2-1/2"]
[WhiteElo "2320"]
[BlackElo "2437"]

1.Nf3 d5 2.g3 Nf6 3.Bg2 c6 4.b3 Bg4 5.Bb2 Nbd7 6.d3 e6 7.Nbd2 Bd6 8.O-O O-O
9.Qe1 e5 10.h3 Bh5 11.e4 Re8 12.Nh4 Nc5 13.Kh1 Bf8 14.Bf3 Bg6 15.Qe2 Qd7
16.Kh2 Rad8 17.Nxg6 hxg6 18.Bg2 Qc7 19.Rfe1 Ne6 20.Nf3 d4 21.a3 a5 22.h4 a4
23.Bh3 Nc5 24.b4 Na6 25.c4 dxc3 26.Bxc3 b5 27.Red1 c5 28.Qb2 cxb4 29.axb4 Bd6
30.Ne1 Qe7 31.Nc2 Nb8 32.Na3 Qb7 33.Rab1 Nc6 34.Nc2 Bb8 35.f3 Ba7 36.d4 exd4
37.Nxd4 Ne5 38.Qe2 Nc4 39.Nc2 Qc7 40.Be1 Qb6 41.Bg2 Nh5 42.f4 Nf6 43.e5 Qe6
44.Bh3 Qb6 45.Bg2 Qe6 46.Bh3 Qb6 47.Bg2 Qe6  1/2-1/2

[Event "29th Politiken Cup"]
[Site "Copenhagen DEN"]
[Date "2007.07.29"]
[Round "10"]
[White "Larsen,Ka"]
[Black "Zhao,P"]
[Result "1-0"]
[WhiteElo "2307"]
[BlackElo "2180"]

1.Nf3 d5 2.g3 c6 3.Bg2 Bg4 4.d4 Nf6 5.O-O e6 6.Nbd2 Nbd7 7.Re1 Be7 8.b3 O-O
9.Bb2 Bh5 10.e4 dxe4 11.Nxe4 Nxe4 12.Rxe4 Bf6 13.c4 c5 14.g4 Bg6 15.Re2 cxd4
16.Bxd4 Bxd4 17.Qxd4 Qe7 18.Qe3 Rfe8 19.Rd1 e5 20.Red2 Nf6 21.h3 e4 22.Nd4 h5
23.g5 Nh7 24.h4 f6 25.Nb5 Red8 26.gxf6 Nxf6 27.Nd6 Ng4 28.Qg5 Qxg5 29.hxg5 e3
30.fxe3 Nxe3 31.Bxb7 Rab8 32.Re1 Rxb7 33.Rxe3 Rc7 34.Re5 Rc6 35.Red5 Rf8
36.b4 a6 37.a4 h4 38.b5 axb5 39.axb5 Rc7 40.b6 Re7 41.Rd1 h3 42.R5d2 Bh5
43.Rb1 Rb8 44.Kh2 Re5 45.Rd5 Re3 46.Nf5 Rc3 47.Rc5 Bg4 48.b7 Rc2+ 49.Kg3 Rg2+
50.Kf4 Bxf5 51.Kxf5 Rf8+ 52.Kg6 h2 53.Rc8  1-0

[Event "Open NK"]
[Site "Dieren NED"]
[Date "2007.07.30"]
[Round "6"]
[White "Bosboom,M"]
[Black "Brandenburg,D"]
[Result "1/2-1/2"]
[WhiteElo "2440"]
[BlackElo "2433"]

1.Nf3 d5 2.g3 Nf6 3.Bg2 c6 4.d3 Bg4 5.O-O Nbd7 6.Qe1 e5 7.e4 dxe4 8.dxe4 Bd6
9.Nbd2 b5 10.h3 Be6 11.Ng5 Nf8 12.f4 h6 13.Nxe6 Nxe6 14.fxe5 Bxe5 15.Nf3 Bc7
16.e5 Nd5 17.Qe4 O-O 18.a4 a6 19.Kh2 Qe7 20.axb5 axb5 21.Bd2 Nc5 22.Qd4 Nd7
23.Rae1 Ra4 24.Qd3 Nc5 25.Qe2 Re8 26.b3 Re4 27.Qf2 Bb6 28.Nh4 Rxh4 29.Bxd5 Rxh3+
30.Kxh3 cxd5 31.Kg2 Qb7 32.Qf3 Ne4 33.Bf4 Rc8 34.Re2 Nc3 35.Rd2 Ne4 36.Re2 Nc3
37.Qg4 Rc6 38.e6 Nxe2 39.Bxh6 Nf4+ 40.Rxf4 Rxc2+ 41.Kh3 f6 42.Rxf6 d4 43.Qg6 Rc7
44.Rf1 Bc5 45.Bg5 Qd5 46.Kh2 Bd6 47.Bf4 d3 48.Bxd6 Rc2+ 49.Kh3 Qg2+ 50.Kh4 Qxf1
51.Qe8+  1/2-1/2

[Event "Open NK"]
[Site "Dieren NED"]
[Date "2007.07.30"]
[Round "6"]
[White "Heemskerk,W"]
[Black "Nederlof,J"]
[Result "0-1"]
[WhiteElo "2237"]
[BlackElo "2090"]

1.Nf3 d5 2.g3 Nf6 3.Bg2 Nbd7 4.d4 e6 5.O-O Bd6 6.c4 c6 7.Nbd2 O-O 8.b3 b6
9.Bb2 Bb7 10.Qc2 Rc8 11.e4 dxe4 12.Nxe4 Nxe4 13.Qxe4 Qf6 14.Rad1 Rfe8 15.Rfe1 Rb8
16.Re2 c5 17.dxc5 Bxe4 18.Bxf6 Nxc5 19.Ba1 Rbd8 20.b4 Bxf3 21.Bxf3 Na6 22.a3 Bxb4
23.Rb1 Bc5 24.Be5 Bd6 25.Bc3 Be7 26.Bc6 Rf8 27.a4 Rd3 28.Be5 Nb4 29.Be4 Ra3
30.Rd2 Rxa4 31.Rd7 Bc5 32.Bc3 a5 33.Bd4 Bxd4 34.Rxd4 g6 35.Rd6 Rb8 36.Kg2 Ra3
37.Rc1 Na6 38.Bc6 Nc5 39.Bb5 Ra2 40.Rf1 a4 41.Kf3 a3 42.Ke3 Rb2 43.Rd2 Rb3+
44.Ke2 Ra8 45.Ra1 Ne4 46.Rd3 Nc5 47.Rd2 Rc3 48.Rda2 Nb3 49.Rxa3 Rxa3  0-1

[Event "Open NK"]
[Site "Dieren NED"]
[Date "2007.07.30"]
[Round "6"]
[White "Hartoch,R"]
[Black "Roy Chowdhury,S"]
[Result "1/2-1/2"]
[WhiteElo "2228"]
[BlackElo "2420"]

1.Nf3 d5 2.g3 c6 3.Bg2 Nf6 4.O-O Bg4 5.c4 dxc4 6.Na3 Nbd7 7.Nxc4 e6 8.b3 Be7
9.Bb2 Bxf3 10.Bxf3 Qc7 11.d4 O-O 12.Rc1 Rfd8 13.e3 Nb6 14.Qe2 Nfd7 15.Bg2 Bf8
16.Rc2 Re8 17.Rfc1 Nxc4 18.Qxc4 Nb6 19.Qe2 Nd5 20.a3 Qb6 21.Qc4 Nc7 22.Bf1 Nb5
23.Ra1 a5 24.Rd2 Rad8 25.Qc2 Rd7 26.Bxb5 Qxb5 27.a4 Qh5 28.Bc3 Red8 29.Rad1 b6
30.Kg2 g5 31.Qe4 Rd5 32.h3 Qh6 33.Qf3 f5 34.Rc1 Qg6 35.Rdc2 g4 36.Qe2 gxh3+
37.Kxh3 Bd6  1/2-1/2

[Event "Open NK"]
[Site "Dieren NED"]
[Date "2007.07.31"]
[Round "7"]
[White "Vogel,Ja"]
[Black "Friesen,Bo"]
[Result "1/2-1/2"]
[WhiteElo "2232"]
[BlackElo "2139"]

1.Nf3 d5 2.g3 Nf6 3.Bg2 c5 4.O-O Nc6 5.d4 e6 6.c4 Be7 7.cxd5 exd5 8.Nc3 O-O
9.Bg5 c4 10.Ne5 Be6 11.e3 Nd7 12.Bxe7 Nxe7 13.b3 Nxe5 14.dxe5 Qa5 15.Qe1 Qc5
16.Rb1 Rab8 17.bxc4 dxc4 18.Rb5 Qc7 19.Qb1 b6 20.Nd5 Nxd5 21.Bxd5 Bxd5 22.Rxd5 Rfd8
23.Rfd1 Rxd5 24.Rxd5 c3 25.Qc2 Rc8 26.f4 g6 27.Kf2 Qc6 28.e4 b5 29.Kf3 Qc4
30.Kg4 Qb4 31.Rd7 Qc5 32.Rd5 Qe3 33.Rd3 Qxd3 34.Qxd3 c2 35.e6 c1=Q 36.exf7+ Kg7
37.Qd4+ Kxf7 38.Qd7+ Kf8 39.Qd6+  1/2-1/2

[Event "IMA"]
[Site "Dimitrov RUS"]
[Date "2007.07.31"]
[Round "18"]
[White "Bezgodova,S"]
[Black "Shalimov,V UKR"]
[Result "1/2-1/2"]
[WhiteElo "2266"]
[BlackElo "2435"]

1.Nf3 d5 2.g3 c6 3.Bg2 Bg4 4.c4 e6 5.b3 Nd7 6.Bb2 a5 7.a3 Ngf6 8.d3 Bc5 9.O-O O-O
10.Nbd2 Re8 11.d4 Bf8 12.Re1 Qb6 13.e4 Nxe4 14.Nxe4 dxe4 15.Rxe4 Nf6 16.Re3 c5
17.Qd2 Red8 18.Rd1 h6 19.h3 cxd4 20.Bxd4 Rxd4 21.Qxd4 Bc5 22.Qd2 Bxe3 23.Qxe3 Qxe3
24.fxe3 Bxf3 25.Bxf3 Rb8 26.c5 Kf8 27.Rd6 Ke7 28.Rb6 Nd7 29.Rb5 b6 30.cxb6 Rxb6
31.Rxb6 Nxb6 32.Kf2 Nd7 33.Bd1 Kd6 34.Ke2 Nc5 35.Bc2 f5 36.Kd2 g5 37.Kc3 Kc6
38.b4 axb4+ 39.axb4 Nb7 40.Kd4 Kd6 41.Kc4 h5 42.Bd3 h4 43.gxh4 gxh4 44.Kb5 Kc7
45.Bc2 Nd6+ 46.Kc5 Nf7 47.b5 Ng5 48.b6+ Kb7 49.Bb3 e5 50.Bd5+ Kb8 51.Bg2  1/2-1/2

[Event "IMA"]
[Site "Dimitrov RUS"]
[Date "2007.07.31"]
[Round "18"]
[White "Filatov,D"]
[Black "Kanter,E"]
[Result "1/2-1/2"]
[WhiteElo "2292"]
[BlackElo "2272"]

1.Nf3 d5 2.g3 Nc6 3.Bg2 e5 4.d3 Be7 5.Nbd2 Nf6 6.e4 O-O 7.O-O Be6 8.Re1 d4
9.Nc4 Nd7 10.a4 a6 11.a5 b5 12.axb6 cxb6 13.Rf1 b5 14.Ncd2 Nb4 15.Ne1 Na2
16.f4 f6 17.Qh5 Nxc1 18.Rxc1 Qe8 19.Qe2 a5 20.Bf3 Nc5 21.Bg4 Bf7 22.Nef3 Bd8
23.c3 Bb6 24.cxd4 Ne6 25.Kh1 Nxd4 26.Nxd4 Bxd4 27.Nf3 Rd8 28.fxe5 Bxe5 29.Nxe5 fxe5
30.Rc5 a4 31.Rf5 Qd7 32.Rcxe5 Qxd3 33.Qxd3 Rxd3 34.Rxb5 Bb3 35.Be2 Rxf5 36.exf5 Rd2
37.Bh5 Kf8 38.Re5 Bf7 39.Bxf7 Kxf7 40.Rb5 Kf6 41.Kg1 Kg5 42.h3 h5 43.Kf1  1/2-1/2

[Event "12th Open"]
[Site "Creon FRA"]
[Date "2007.08.03"]
[Round "7"]
[White "Parmentier,X"]
[Black "Louis,T"]
[Result "1/2-1/2"]
[WhiteElo "2303"]
[BlackElo "1959"]

1.Nf3 d5 2.g3 Nf6 3.Bg2 e6 4.c4 Be7 5.O-O O-O 6.d4 c6 7.Qc2 Nbd7 8.Rd1 Ne4
9.Nfd2 f5 10.Nxe4 fxe4 11.f3 exf3 12.exf3 Nf6 13.Nd2 Qb6 14.c5 Qc7 15.f4 b6
16.Nf3 bxc5 17.dxc5 Nd7 18.Be3 e5 19.fxe5 Nxe5 20.Nxe5 Qxe5 21.Bf4 Qf5 22.Qxf5 Bxf5
23.Bd6 Bxd6 24.cxd6 Rad8 25.Rac1 Rxd6 26.Rc5 Rb8 27.b3 Rb6 28.Ra5 Rb7 29.Rc1 Re7
30.Ra6 Rc7 31.Ra5 Re7 32.b4 Bd3 33.Bf1 Bxf1 34.Rxf1 d4 35.Raf5 g6 36.R5f3 d3
37.Rd1 d2 38.Kf1 Re4 39.a3 Rc4  1/2-1/2

[Event "Open"]
[Site "Dubna RUS"]
[Date "2007.08.04"]
[Round "1"]
[White "Bounin,M"]
[Black "Lugovoy,D"]
[Result "1/2-1/2"]
[WhiteElo "2265"]
[BlackElo "2010"]

1.Nf3 d5 2.g3 Nf6 3.Bg2 Nbd7 4.O-O e5 5.c4 c6 6.d3 dxc4 7.dxc4 Bc5 8.Nc3 O-O
9.Qc2 Re8 10.Ng5 Qc7 11.Bd2 Nf8 12.Rad1 Ne6 13.Nce4 Nxe4 14.Nxe4 Be7 15.Bc3 Nc5
16.Nxc5 Bxc5 17.Rd2 Be6 18.b3 Rad8 19.Rfd1 Rxd2 20.Qxd2 Qb6 21.e3 Qc7 22.Ba5 Bb6
23.Bb4 Rd8 24.Qxd8+ Qxd8 25.Rxd8+ Bxd8 26.Bc5 a5 27.Bd6 f6 28.Be4 a4 29.Bd3 axb3
30.axb3 Kf7 31.f3 h6 32.h4 Be7 33.Bxe7 Kxe7 34.b4 b6 35.Kf2 c5 36.b5  1/2-1/2

[Event "Open"]
[Site "Dubna RUS"]
[Date "2007.08.04"]
[Round "1"]
[White "Doronine,V"]
[Black "Leonidov,M"]
[Result "0-1"]
[WhiteElo "1966"]
[BlackElo "2221"]

1.Nf3 d5 2.g3 Nf6 3.Bg2 e6 4.d3 Be7 5.O-O O-O 6.Nbd2 Nc6 7.c4 b6 8.cxd5 exd5
9.Nb3 Bb7 10.Bd2 Nb4 11.a3 Na6 12.Rc1 c5 13.Bg5 h6 14.Bxf6 Bxf6 15.Rc2 Qd7
16.Re1 Nc7 17.Nfd2 Qb5 18.Qb1 a5 19.Nc1 Rab8 20.Nf3 Rfe8 21.e3 Na6 22.Ree2 c4
23.dxc4 dxc4 24.Na2 Be4 25.Nd4 Bxd4 26.Bxe4 Rxe4 27.exd4 Rxd4 28.Re7 Rbd8
29.Nc3 Qf5 30.Qc1 Qf3 31.Rce2 Nc5 32.R7e3 Qc6 33.Qc2 Nd3 34.Re7 b5 35.R2e3 b4
36.Ne2 R4d6 37.axb4 axb4 38.R7e4 Nxb2 39.Qxb2 Rd1+ 40.Kg2 f5 41.Qxb4 fxe4
42.Nc3 R1d3  0-1

[Event "IM"]
[Site "Dubna RUS"]
[Date "2007.08.04"]
[Round "4"]
[White "Bezgodova,S"]
[Black "Truskavetsky,A"]
[Result "0-1"]
[WhiteElo "2266"]
[BlackElo "2392"]

1.Nf3 d5 2.g3 Nf6 3.Bg2 Bf5 4.O-O Nbd7 5.c4 e6 6.b3 Bc5 7.Bb2 O-O 8.d3 c6
9.Nbd2 Qe7 10.a3 a5 11.Ra2 e5 12.cxd5 cxd5 13.Nh4 Bg4 14.h3 Be6 15.a4 Rfe8
16.e4 dxe4 17.dxe4 Bd4 18.Ba3 Bc5 19.Bc1 g6 20.Qe2 Nh5 21.Kh2 Nf4 22.Qf3 Nxg2
23.Nxg2 Qf6 24.Qe2 Bd4 25.Ne3 Nc5 26.Ng4 Bxg4 27.Qxg4 Nd3 28.Qf3 Qxf3 29.Nxf3 Rac8
30.Bh6 Nc5 31.Nd2 Bc3 32.Nc4 Rc6 33.Rc2 Bb4 34.Ne3 Nxe4 35.Rxc6 bxc6 36.f3 Nd2
37.Rd1 Nxf3+ 38.Kg2 Nd4 39.Ng4 Be7 40.Nxe5 Nf5 41.Bf4 Bd6 42.Rxd6 Nxd6 43.Nxc6 Nb7
44.Kf3 Re6 45.Nd4 Re1 46.Bc7 Rc1 47.Bb6 Rc3+ 48.Kf4 f6 49.h4 Kf7 50.g4 h6
51.Ba7 Nc5 52.Nb5 Ne6+ 53.Ke4 Rxb3 54.h5 gxh5 55.gxh5 Rb4+ 56.Kd5 Nf4+ 57.Kc5 Rxa4
58.Nd6+ Ke6 59.Nb7 Nd3+ 60.Kb5 Rb4+ 61.Ka6 Rxb7 62.Kxb7 a4 63.Bd4 a3  0-1

[Event "Open"]
[Site "Dubna RUS"]
[Date "2007.08.05"]
[Round "3"]
[White "Tkachenko,Evgeny"]
[Black "Lugovoy,D"]
[Result "0-1"]
[WhiteElo "2163"]
[BlackElo "2010"]

1.Nf3 d5 2.g3 Nf6 3.Bg2 Nbd7 4.O-O e5 5.d3 c6 6.c4 dxc4 7.dxc4 Bc5 8.e3 O-O
9.b3 Re8 10.Bb2 Qc7 11.Nc3 a5 12.a3 Nb6 13.Qc2 g6 14.Rac1 Bf5 15.e4 Bg4 16.Nd5 cxd5
17.cxd5 Bxf3 18.Bxf3 Rac8 19.Qd2 Qe7 20.Qxa5 Nbd7 21.a4 Ba3 22.Bxa3 Qxa3
23.Rc3 b6  0-1

[Event "Open"]
[Site "Kavala GRE"]
[Date "2007.08.05"]
[Round "2"]
[White "Jeremic,V"]
[Black "Logothetis,S"]
[Result "0-1"]
[WhiteElo "2523"]
[BlackElo "2300"]

1.Nf3 d5 2.g3 Nf6 3.Bg2 c6 4.O-O Bg4 5.d4 e6 6.Nbd2 Nbd7 7.Re1 Be7 8.e4 O-O
9.c3 Bh5 10.e5 Ne8 11.h3 Nc7 12.Nf1 c5 13.g4 Bg6 14.Ng3 b5 15.g5 c4 16.Bd2 a5
17.Bf1 b4 18.h4 Nb6 19.Nh2 Nb5 20.Ng4 a4 21.a3 bxa3 22.bxa3 Nxa3 23.h5 Bd3
24.Nf6+ Kh8 25.Bxd3 cxd3 26.Qf3 Nc2 27.Qxd3 gxf6 28.Qxc2 fxg5 29.Nf1 a3 30.Ne3 Nc4
31.Bc1 Nxe3 32.Rxe3 Qd7 33.Rf3 Qa4 34.Qa2 h6 35.Kg2 Kg7 36.c4 Qxc4 37.Qxc4 dxc4
38.Bxa3 Rxa3 39.Raxa3 Bxa3 40.Rxa3 Rd8  0-1

[Event "Proclient Cup IMA"]
[Site "Olomouc CZE"]
[Date "2007.08.05"]
[Round "7"]
[White "Tibensky,R"]
[Black "Bosman,M"]
[Result "1-0"]
[WhiteElo "2433"]
[BlackElo "2333"]

1.Nf3 d5 2.g3 Nf6 3.Bg2 c5 4.O-O Nc6 5.d3 e6 6.Nbd2 Be7 7.e4 O-O 8.Re1 b5
9.e5 Ne8 10.Nf1 b4 11.h4 Nc7 12.N1h2 a5 13.Ng5 Qe8 14.Bf4 a4 15.c4 bxc3 16.bxc3 Ba6
17.Ng4 Qd8 18.Ne3 a3 19.Ng4 Ra7 20.Nh2 Qe8 21.Bf1 Nb5 22.c4 Nc3 23.Qc1 d4
24.Bd2 Bd8 25.Ne4 Nxe4 26.Rxe4 Bc7 27.f4 f5 28.exf6 gxf6 29.Bg2 Bc8 30.Qf1 Ne7
31.Rae1 Qg6 32.f5 Qxf5 33.Qe2 e5 34.Rg4+ Kh8 35.Bh3 Ng6 36.Bg2 Qd7 37.Bh6 Rf7
38.Bd5 f5 39.Rg5  1-0

[Event "HZ Open"]
[Site "Vlissingen NED"]
[Date "2007.08.05"]
[Round "2"]
[White "Van Weersel,A"]
[Black "Niesert,L"]
[Result "1-0"]
[WhiteElo "2158"]
[BlackElo "1895"]

1.Nf3 d5 2.g3 Nf6 3.Bg2 b6 4.b3 Bb7 5.Bb2 e6 6.O-O Nbd7 7.c4 Be7 8.d4 O-O
9.Nbd2 c5 10.e3 Rc8 11.Rc1 Ne4 12.Nxe4 dxe4 13.Nd2 f5 14.Qe2 Bf6 15.f3 exf3
16.Nxf3 Qe7 17.Rcd1 Rcd8 18.Ne1 Nb8 19.Bxb7 Qxb7 20.Ng2 Nc6 21.Nf4 Qd7 22.Ba3 Nb4
23.d5 exd5 24.Bxb4 cxb4 25.Nxd5 Qe6 26.Nxb4 Bg5 27.Nd5 Rfe8 28.Qf3 b5 29.Kg2 g6
30.Nc7 Qxe3 31.Nxe8 Rxe8 32.Qxe3 Rxe3 33.cxb5 Re5 34.a4 Re3 35.Rf3 Re2+ 36.Rf2 Re3
37.Rc2 Kf7 38.Rd7+ Re7 39.Rcc7  1-0